Le Quiz des Champions:La Liste: Les personnalités inhumées au Panthéon - Statistiques

Statistiques générales
  • Ce quiz a été pris 53 fois
  • Le résultat moyen est 16 sur 80
Statistiques - réponses
Prénom Nom % Correct
Victor Hugo
85%
Antoine Veil
76%
Simone Veil
76%
Jean-Jacques Rousseau
73%
Jean Rousseau
73%
Maire Curie
70%
Pierre Curie
70%
Jean Moulin
70%
Joséphine Baker
67%
François-Marie Voltaire
64%
Emile Zola
55%
Lazare Nicolas Marguerite Carnot
52%
Marie François Sadi Carnot
52%
Alexandre Dumas
45%
Jean Zay
39%
Marcellin Berthelot
36%
Sophie Berthelot
36%
André Malraux
36%
Mélinée Manouchian
36%
Missak Manouchian
36%
Louis Braille
30%
Jean Jaurès
30%
Léon Gambetta
27%
Germaine Tillion
27%
Geneviève De Gaulle-Anthonioz
21%
Felix Eboué
21%
Joseph-Louis Lagrange
21%
Nicolas Condorcet
18%
Maurice Genevoix
18%
Paul Langevin
18%
Gaspard Monge
18%
Pierre Brossolette
15%
René Cassin
15%
Jean Monnet
15%
Abbé Henri Grégoire
12%
Paul Painlevé
12%
Jean-Baptiste Papin
12%
Victor Schoelcher
12%
Jacques-Germain Soufflot
12%
Jean-Baptiste Baudin
6%
Antoine-César Cabanis
6%
Jean Perrin
6%
François Barthélémy Portalis
6%
François Denis Tronchet
6%
Joseph-Marie Vien
6%
Jean-Pierre-Pataléon Bevière
3%
Jean-Marie-Pierre-François Dorsenne
3%
Pierre Garnier de Laboissière
3%
Jean-Ignace Jacqueminot
3%
Claude-Juste-Alexandre Legrand
3%
Jean-Pierre Firmin Malher
3%
François Séverin Marceau
3%
Claude Louis Petiet
3%
Claude Ambroise Régnier
3%
Pierre Jean Georges Resnier
3%
Jean-Louis-Ebénézer Reynier
3%
Jean-Pierre Sers
3%
Jean-Baptiste Treilhard
3%
Justin Viry
3%
Frédéric Henri Walther
3%
Jean-Guillaume Winter
3%
Gabriel Louis Beguinot
0%
Justin Bonaventure Morard de Galles
0%
Louis-Antoine Bougainville
0%
Giovanni Battista Caprara
0%
Hyacinthe-Hughes Timoléon Caussé-Brissac
0%
Charles Pierre Claret de Fleurieu
0%
Emmanuel Crétet
0%
Théophile-Malo de La Tour d'Auvergne-Corret
0%
Jean-Nicolas Démeunier
0%
Girolamo-Luigi Durazzo
0%
Charles Erskine de Kellie
0%
Alexandre-Antoine Hureau
0%
Jean Lannes
0%
Michel Ordener
0%
Jean-Frédéric Perregaux
0%
Louis Charles Vincent Saint-Hilaire
0%
Nicolas Marie Songis des Courbons
0%
Antoine-Jena-Marie Thévenard
0%
Ippolito-Antonio Vincenti-Mareri
0%
Aucun quiz correspondant
Distribution des résultats
% des personnes avec chaque résultat
Percentile par nombre de réponses
Votre historique - résultats
Vous n’avez pas pris ce quiz